000 00908nam a2200265 a 4500
005 20180803164856.0
008 140226b1996 -CN||||gr|||| 00| 0 eng d
040 _aCO-BoIAVH
_cCO-BoIAVH
041 _aeng
044 _acn
082 0 4 _a551.5
_bM96a
110 1 _bInstitute for Environmental Studies Earth Sciences Centre
245 1 _aAtmospheric change and biodiversity
_bdeveloping a canadian science agenda, summary report of a workshop
260 _aToronto
_bInstitute for Enviromental Studies
_c1996
300 _a71 paginas.
_bGraficos
_c27 x 21 cm
650 _aBiodiversidad
650 4 _aCambio climático
650 4 _aContaminación atmosférica
650 4 _aFunciones ecosistémicas
650 4 _aEcología del paisaje
650 4 _aImpacto socioeconómico
662 _aCanada
700 1 _aMunn, R. E.
942 _cLIBRO
_2ddc
999 _c1131
_d1131